[Event "4NCL Online Division 3"]
[Site "online"]
[Date "2021.09.21"]
[EventDate "2021.09.21"]
[Round "3.54"]
[White "Clynes, Chris"]
[WhiteElo "1444"]
[WhiteTeam "Bishop Trojans"]
[Black "Frostick, Helen M"]
[BlackElo "1707"]
[BlackTeam "Farnham A"]
[Result "0-1"]
[PlyCount "124"]

1. d4 g6 2. Nf3 Bg7 3. e3 Nf6 4. Bd3 d6 5. Nbd2 Nbd7 6. h3 e5 7. c3 c5 8. O-O O-O 9. a4 b6 10. Ne4 Qe7 11. dxe5 Nxe5 12. Nxe5 Qxe5 13. Qf3 d5 14. Nxf6+ Bxf6 15. c4 Bb7 16. cxd5 Bxd5 17. e4 Be6 18. Bb5 Bg7 19. Bc6 Rad8 20. Rd1 f5 21. Bf4 Qxb2 22. Bd5 Bxd5 23. exd5 Qc2 24. Rdc1 Qe4 25. Ra2 Qxf3 26. gxf3 Rxd5 27. Re1 Rd4 28. Be3 Rd3 29. Kg2 f4 30. Bc1 g5 31. Re7 Rf7 32. Re8+ Bf8 33. Re5 h6 34. Re6 Rd6 35. Re8 Re7 36. Rc8 Kf7 37. Rd2 Rxd2 38. Bxd2 Bg7 39. Rc6 Rd7 40. Be1 Re7 41. Kf1 Rb7 42. Rd6 a6 43. Rc6 Bf6 44. Bd2 Ke7 45. Rc8 Kd7 46. Rf8 Bd4 47. Rf7+ Kc6 48. Rf8 b5 49. Rc8+ Rc7 50. axb5+ axb5 51. Rb8 b4 52. Rg8 Kb5 53. Rg6 Rc6 54. Rg8 b3 55. Rb8+ Kc4 56. Bc1 Ra6 57. Re8 b2 58. Bxb2 Bxb2 59. Re4+ Bd4 60. Re1 Kd3 61. Rd1+ Kc2 62. Re1 Ra1 0-1

[Event "4NCL Online Division 3"]
[Site "online"]
[Date "2021.09.21"]
[EventDate "2021.09.21"]
[Round "3.61"]
[White "Russell, Chris"]
[WhiteElo "1720"]
[WhiteTeam "Watford 2"]
[Black "Jenkins, John"]
[BlackElo "2089"]
[BlackTeam "Stroud Oldies"]
[Result "1/2-1/2"]
[PlyCount "81"]

1. d4 Nf6 2. c4 g6 3. Nc3 Bg7 4. g3 O-O 5. Bg2 d6 6. e4 e5 7. d5 a5 8. a4 Na6 9. Nge2 Nc5 10. O-O Bd7 11. h3 Ne8 12. Kh2 f5 13. f4 Nf6 14. fxe5 dxe5 15. exf5 gxf5 16. Be3 Qe7 17. Nb5 Rad8 18. Nxc7 Bxa4 19. Bxc5 Qxc5 20. Qxa4 Qxc7 21. Rxf5 b6 22. Qb3 Kh8 23. Nc3 Rc8 24. Ne4 Qxc4 25. Qxc4 Rxc4 26. Nxf6 Bxf6 27. Raf1 Kg7 28. Rd1 Rd8 29. Rdf1 Rd6 30. R1f2 a4 31. Rd2 b5 32. Rff2 b4 33. Rfe2 Kf7 34. Rc2 Rxc2 35. Rxc2 Ke7 36. Be4 h6 37. Rc7+ Kd8 38. Ra7 a3 39. bxa3 bxa3 40. Rxa3 Rb6 41. h4 1/2-1/2

[Event "4NCL Online Division 3"]
[Site "online"]
[Date "2021.09.21"]
[EventDate "2021.09.21"]
[Round "3.62"]
[White "Brown, Graham K"]
[WhiteElo "1718"]
[WhiteTeam "Stroud Oldies"]
[Black "Littlefair, Paul"]
[BlackElo "1663"]
[BlackTeam "Watford 2"]
[Result "1/2-1/2"]
[PlyCount "140"]

1. h3 e5 2. d4 exd4 3. Nf3 Nc6 4. Nxd4 Nxd4 5. Qxd4 Nf6 6. Nc3 h6 7. e4 d6 8. Bf4 Be7 9. O-O-O Be6 10. Bc4 O-O 11. Rhe1 a6 12. Bxe6 fxe6 13. Qc4 Qc8 14. Qe2 e5 15. Bd2 b5 16. f4 Qb7 17. fxe5 dxe5 18. Nd5 Nxd5 19. exd5 Bd6 20. Qe4 b4 21. Bxh6 Rf6 22. Bg5 Rf7 23. Rf1 Raf8 24. Rxf7 Rxf7 25. h4 Qb5 26. Qd3 Qa4 27. Kb1 a5 28. b3 Qe8 29. Qe4 Qf8 30. Be3 Qe8 31. h5 a4 32. h6 axb3 33. axb3 Bf8 34. Qg6 Qd7 35. Qg3 Qf5 36. Rd2 Kh7 37. Rf2 Qh5 38. Rxf7 Qxf7 39. Qxe5 gxh6 40. Qe4+ Qg6 41. Qxg6+ Kxg6 42. Bd4 Kf5 43. c3 bxc3 44. Bxc3 Ke4 45. Kc2 Kxd5 46. Kd3 Bc5 47. g4 Be7 48. Ke3 Bg5+ 49. Kf3 c5 50. Ba5 Bc1 51. Bc3 Bg5 52. Bg7 Bc1 53. Ke2 Ke4 54. Bf8 Kd4 55. Kd1 Bg5 56. Kc2 Bf4 57. Bg7+ Kd5 58. Kd3 Bg5 59. Bf8 Bc1 60. Kc2 Bg5 61. Bg7 Bf4 62. Kd3 Bg5 63. Ke2 Bc1 64. Kf3 Bg5 65. Kg3 Ke4 66. Bf8 Kd5 67. Kf3 Bc1 68. Ke2 Bg5 69. Kd3 Bc1 70. Bg7 Bg5 1/2-1/2

[Event "4NCL Online Division 3"]
[Site "online"]
[Date "2021.09.21"]
[EventDate "2021.09.21"]
[Round "3.63"]
[White "Shaw, David K"]
[WhiteElo "1624"]
[WhiteTeam "Watford 2"]
[Black "Walker, Adrian"]
[BlackElo "1688"]
[BlackTeam "Stroud Oldies"]
[Result "1-0"]
[PlyCount "161"]

1. d4 d6 2. e4 Nf6 3. Nc3 Nbd7 4. g4 c5 5. g5 cxd4 6. Qxd4 e5 7. Qd1 Ng8 8. Bc4 Nb6 9. Bb3 Qe7 10. Nd5 Nxd5 11. Bxd5 Be6 12. Be3 Bxd5 13. Qxd5 Qd7 14. O-O-O h6 15. f4 exf4 16. Bxf4 Rd8 17. Nf3 hxg5 18. Qxg5 g6 19. Qa5 Bh6 20. Bxh6 Nxh6 21. Qxa7 O-O 22. Qd4 Qe6 23. Qd5 Qf6 24. Rhf1 Ng4 25. Ng5 Qg7 26. Qd2 Ne5 27. Qb4 b5 28. Rd5 Nc4 29. Rxb5 Rc8 30. c3 Ne5 31. Qxd6 Rfe8 32. Rb7 Rcd8 33. Qb6 Nd3+ 34. Kc2 Ne5 35. Qa7 Nc6 36. Qf2 Ne5 37. Nxf7 Nxf7 38. Rxf7 Qh6 39. Rf4 Qg7 40. a4 Qb7 41. Qf3 Rb8 42. b4 Qa7 43. a5 Qe7 44. Rg1 Qe6 45. Kb2 Qd6 46. Rd1 Qe6 47. Rf6 Qxe4 48. Qxe4 Rxe4 49. Rxg6+ Kh7 50. Rg2 Re3 51. Rdg1 Rbe8 52. Kb3 Rc8 53. Rg7+ Kh8 54. R7g3 Rcxc3+ 55. Kb2 Rb3+ 56. Kc2 Rxg3 57. Rxg3 Rxb4 58. Ra3 Rh4 59. h3 Rh7 60. a6 Ra7 61. Kc3 Kg7 62. Ra5 Kf7 63. h4 Ke6 64. h5 Kd6 65. h6 Kc6 66. h7 Ra8 67. Kc4 Kb6 68. Kb4 Ka7 69. Rg5 Rh8 70. Rg7+ Kxa6 71. Kc5 Rc8+ 72. Kd6 Rh8 73. Ke7 Kb6 74. Kf7 Kc6 75. Kg6 Rd8 76. Rf7 Rd1 77. Rf6+ Kd7 78. h8=Q Rg1+ 79. Kf7 Re1 80. Qh3+ Kd8 81. Qd3+ 1-0

[Event "4NCL Online Division 3"]
[Site "online"]
[Date "2021.09.21"]
[EventDate "2021.09.21"]
[Round "3.64"]
[White "Reekie-Black, Matthew"]
[WhiteElo "1601"]
[WhiteTeam "Stroud Oldies"]
[Black "Davids, Ewan"]
[BlackElo "1390"]
[BlackTeam "Watford 2"]
[Result "1-0"]
[PlyCount "63"]

1. e4 c6 2. d4 d5 3. f3 dxe4 4. fxe4 Nf6 5. Nc3 Nbd7 6. Nf3 e6 7. Bg5 Be7 8. Qd2 Qb6 9. O-O-O O-O 10. Bd3 Bb4 11. Qe1 Bxc3 12. Qxc3 h6 13. Bh4 a5 14. Rhf1 Ng4 15. Bf2 Nxf2 16. Rxf2 Nf6 17. h3 a4 18. g4 Nh7 19. Ne5 Qd8 20. Nc4 Qg5+ 21. Kb1 Qh4 22. Rh2 Qg5 23. Qd2 Qd8 24. e5 Kh8 25. Nd6 f6 26. Bg6 Kg8 27. h4 fxe5 28. dxe5 Rf3 29. Qe2 Rg3 30. Nf5 Qb6 31. Nxg3 Bd7 32. Rxd7 1-0

[Event "4NCL Online Division 3"]
[Site "online"]
[Date "2021.09.21"]
[EventDate "2021.09.21"]
[Round "3.71"]
[White "Duckers, Harvey L"]
[WhiteElo "2051"]
[WhiteTeam "Crowthorne 1"]
[Black "Lim, Mark"]
[BlackElo "1904"]
[BlackTeam "Broadland Falco Duboisi"]
[Result "0-1"]
[PlyCount "88"]

1. c4 e6 2. Nc3 d5 3. d4 Nf6 4. cxd5 exd5 5. Bg5 c6 6. e3 Be7 7. Bd3 Nbd7 8. Nge2 Nf8 9. O-O Ne6 10. Bh4 g6 11. Bg3 O-O 12. Rb1 b6 13. b4 Bb7 14. f3 Bd6 15. Bf2 Qc7 16. h3 Nh5 17. g4 Ng3 18. Nxg3 Bxg3 19. Kg2 Bxf2 20. Rxf2 Rae8 21. Qd2 c5 22. bxc5 bxc5 23. Nb5 Qe7 24. Bf1 c4 25. f4 Bc6 26. Nc3 Nc7 27. Rf3 Rb8 28. Rxb8 Rxb8 29. f5 Nb5 30. Nxb5 Rxb5 31. f6 Qa3 32. Rf2 c3 33. Qe1 Rb2 34. Bd3 Qxa2 35. Rxb2 Qxb2+ 36. Kf3 Ba4 37. Qh4 Qb8 38. Qf2 Qc8 39. Qa2 Bd1+ 40. Kg3 c2 41. Bxc2 Qc7+ 42. Kh4 Qxc2 43. Qxd5 Qf2+ 44. Kg5 h6+ 0-1

[Event "4NCL Online Division 3"]
[Site "online"]
[Date "2021.09.21"]
[EventDate "2021.09.21"]
[Round "3.72"]
[White "Moore, Steve N"]
[WhiteElo "1876"]
[WhiteTeam "Broadland Falco Duboisi"]
[Black "Johnson, Derek R"]
[BlackElo "2017"]
[BlackTeam "Crowthorne 1"]
[Result "1/2-1/2"]
[PlyCount "134"]

1. e4 c5 2. c3 d5 3. exd5 Qxd5 4. d4 e6 5. Nf3 Nf6 6. Be2 Nc6 7. Na3 cxd4 8. Nb5 Qd8 9. Nbxd4 Bd7 10. O-O Be7 11. Nxc6 Bxc6 12. Ne5 Qb6 13. Nxc6 bxc6 14. Qc2 O-O 15. Be3 Bc5 16. Bxc5 Qxc5 17. Rfd1 Rab8 18. Rd4 Qg5 19. Rad1 c5 20. Rd6 Nd5 21. Bf3 Nb6 22. c4 Qf4 23. b3 h6 24. Qd3 Qe5 25. Qd2 Qf6 26. Qe3 Qg5 27. Qxg5 hxg5 28. Rc6 Rfc8 29. Rxc8+ Rxc8 30. g3 Kf8 31. Kf1 Ke7 32. Ke2 Nd7 33. Bb7 Rc7 34. Bg2 Ne5 35. Rd2 Ng4 36. h3 Nh6 37. f4 gxf4 38. gxf4 Nf5 39. Be4 Nd4+ 40. Ke3 a5 41. Rg2 Kf6 42. Kd3 g6 43. Kc3 Nf5 44. Rd2 Ng3 45. Bf3 Nf1 46. Rd6 Kf5 47. Ra6 Kxf4 48. Bg2 Ne3 49. Ba8 Kg3 50. Rxa5 Kxh3 51. Rb5 Ra7 52. Be4 Rxa2 53. Rxc5 Nd1+ 54. Kd3 Nf2+ 55. Ke3 Rb2 56. Rc7 Nxe4 57. Kxe4 f5+ 58. Kf4 Rxb3 59. Rh7+ Kg2 60. Rg7 Rb4 61. Rxg6+ Kf2 62. Rxe6 Rxc4+ 63. Kxf5 Rc5+ 64. Kf4 Rc4+ 65. Kf5 Rc5+ 66. Kf4 Rc4+ 67. Kf5 Rc5+ 1/2-1/2

[Event "4NCL Online Division 3"]
[Site "online"]
[Date "2021.09.21"]
[EventDate "2021.09.21"]
[Round "3.73"]
[White "Gnanagurusamy, Ganeshbabu"]
[WhiteElo "1945"]
[WhiteTeam "Crowthorne 1"]
[Black "Payne, David J"]
[BlackElo "1742"]
[BlackTeam "Broadland Falco Duboisi"]
[Result "0-1"]
[PlyCount "56"]

1. e4 c5 2. Nf3 d6 3. d4 cxd4 4. Nxd4 a6 5. c4 Nf6 6. Nc3 g6 7. Be3 Bg7 8. Be2 O-O 9. O-O Nc6 10. Rc1 Bd7 11. Qd2 Nxd4 12. Bxd4 Bc6 13. f3 Rc8 14. Kh1 Qa5 15. Qe3 Nd7 16. Bxg7 Kxg7 17. f4 Qc5 18. Qg3 Nf6 19. Bd3 h5 20. f5 Ng4 21. fxg6 fxg6 22. Nd5 Nf2+ 23. Rxf2 Qxf2 24. Qg5 Bxd5 25. exd5 Qf6 26. Qg3 b5 27. b3 bxc4 28. Bxc4 Rxc4 0-1

[Event "4NCL Online Division 3"]
[Site "online"]
[Date "2021.09.21"]
[EventDate "2021.09.21"]
[Round "3.74"]
[White "Fowler, David"]
[WhiteElo "1431"]
[WhiteTeam "Broadland Falco Duboisi"]
[Black "Green, George D A"]
[BlackElo "1889"]
[BlackTeam "Crowthorne 1"]
[Result "0-1"]
[PlyCount "56"]

1. e4 c5 2. Nf3 Nc6 3. d4 cxd4 4. Nxd4 Nf6 5. Nc3 e5 6. Nxc6 bxc6 7. Bd3 Be7 8. O-O O-O 9. Be3 d5 10. exd5 cxd5 11. Ne2 Bb7 12. c3 Ng4 13. Bd2 Bc5 14. Be1 Qg5 15. Ng3 Qh4 16. h3 Nf6 17. Kh1 e4 18. Bc2 Qf4 19. Ne2 Qe5 20. Nd4 Ba6 21. Rg1 Bd6 22. g3 Bc5 23. b4 Bb6 24. a4 Bc8 25. Kh2 Qd6 26. Bb3 Bc7 27. Nb5 Qd7 28. Nxc7 Qxh3# 0-1

[Event "4NCL Online Division 3"]
[Site "online"]
[Date "2021.09.21"]
[EventDate "2021.09.21"]
[Round "3.81"]
[White "Harris, Michael T"]
[WhiteElo "2057"]
[WhiteTeam "Bristol Cabot Blackbeards"]
[Black "Murphy, Conor E"]
[BlackTitle "FM"]
[BlackElo "2406"]
[BlackTeam "Charlton Cobras A"]
[Result "0-1"]
[PlyCount "78"]

1. e4 e5 2. Bc4 Nf6 3. d4 exd4 4. Nf3 Bb4+ 5. c3 dxc3 6. O-O O-O 7. a3 Be7 8. Nxc3 d6 9. Nd4 Nc6 10. Nxc6 bxc6 11. Qb3 Nd7 12. f4 Nc5 13. Qc2 Be6 14. Ne2 Bxc4 15. Qxc4 d5 16. exd5 cxd5 17. Qc2 d4 18. Qc4 Bf6 19. Qxc5 d3 20. Be3 dxe2 21. Rfe1 Qd3 22. Kf2 Bxb2 23. Ra2 Qb3 24. Rxb2 Qxb2 25. Bd4 Qb6 26. Qxf8+ Kxf8 27. Bxb6 axb6 28. Ra1 Re8 29. Ke1 Re7 30. a4 Ke8 31. a5 bxa5 32. Rxa5 Kd7 33. f5 f6 34. Rd5+ Kc6 35. Rd8 Kb7 36. g4 c5 37. h4 c4 38. Rd4 c3 39. Rb4+ Kc8 0-1

[Event "4NCL Online Division 3"]
[Site "online"]
[Date "2021.09.21"]
[EventDate "2021.09.21"]
[Round "3.82"]
[White "Clark, Gary M"]
[WhiteTitle "FM"]
[WhiteElo "2258"]
[WhiteTeam "Charlton Cobras A"]
[Black "Marston, Alastair"]
[BlackElo "1713"]
[BlackTeam "Bristol Cabot Blackbeards"]
[Result "1-0"]
[PlyCount "59"]

1. d4 d5 2. c4 c6 3. Nf3 Nf6 4. Nc3 a6 5. a4 Bf5 6. Qb3 Ra7 7. a5 e6 8. Bf4 Nbd7 9. e3 dxc4 10. Bxc4 Nd5 11. Bg3 N7f6 12. O-O Bd6 13. Bh4 Be7 14. Rfe1 Ne4 15. Bxe7 Qxe7 16. Nxe4 Bxe4 17. Ne5 Qg5 18. f3 Bg6 19. Bxd5 exd5 20. Nxc6 Ra8 21. Ne5 O-O 22. Qxd5 Rac8 23. f4 Qe7 24. Rec1 Kh8 25. Qd7 Qxd7 26. Nxd7 Rfd8 27. Rxc8 Rxc8 28. Nc5 Rb8 29. Ra4 h6 30. Rb4 1-0

[Event "4NCL Online Division 3"]
[Site "online"]
[Date "2021.09.21"]
[EventDate "2021.09.21"]
[Round "3.83"]
[White "Roberts, Mike"]
[WhiteElo "1438"]
[WhiteTeam "Bristol Cabot Blackbeards"]
[Black "Stebbings, Anthony J"]
[BlackTitle "FM"]
[BlackElo "2248"]
[BlackTeam "Charlton Cobras A"]
[Result "0-1"]
[PlyCount "60"]

1. d4 Nf6 2. Bf4 g6 3. e3 Bg7 4. Be2 d6 5. Nf3 O-O 6. O-O c5 7. c3 Be6 8. Nbd2 Qb6 9. Rb1 Bxa2 10. Ra1 Be6 11. b3 Nd5 12. Qc2 Nxf4 13. exf4 cxd4 14. cxd4 Bxd4 15. Nxd4 Qxd4 16. g3 Rc8 17. Qa2 Nc6 18. Nf3 Qb6 19. Qb2 Qxb3 20. Qd2 Rc7 21. Rfc1 Rac8 22. Rcb1 Qd5 23. Qe1 Nd4 24. Nxd4 Qxd4 25. Rd1 Qc5 26. Rdc1 Qxc1 27. Rxc1 Rxc1 28. Bd1 Bd5 29. h4 Bf3 30. Kh2 Rxd1 0-1

[Event "4NCL Online Division 3"]
[Site "online"]
[Date "2021.09.21"]
[EventDate "2021.09.21"]
[Round "3.84"]
[White "Mayer, Daniel H"]
[WhiteElo "1984"]
[WhiteTeam "Charlton Cobras A"]
[Black "Saha, Soumil"]
[BlackElo "1193"]
[BlackTeam "Bristol Cabot Blackbeards"]
[Result "1-0"]
[PlyCount "65"]

1. e4 e6 2. d4 d5 3. Nc3 Bb4 4. e5 Ne7 5. a3 Ba5 6. Qg4 O-O 7. Bg5 Nd7 8. Bd3 f5 9. Qh4 Rf7 10. g4 h6 11. Bxe7 Qxe7 12. Qxe7 Rxe7 13. gxf5 exf5 14. b4 Bb6 15. Nxd5 Re8 16. Nf3 Nf6 17. Nxb6 axb6 18. Nh4 f4 19. Nf5 c5 20. Nd6 Re7 21. c3 Nd5 22. Kd2 cxd4 23. cxd4 Be6 24. Rhg1 Rd7 25. Rg6 Re7 26. Bc4 Kh7 27. Rxe6 Rxe6 28. Bxd5 Re7 29. Bxb7 Rd8 30. Be4+ g6 31. f3 Kg7 32. Rg1 Re6 33. h4 1-0

[Event "4NCL Online Division 3"]
[Site "online"]
[Date "2021.09.21"]
[EventDate "2021.09.21"]
[Round "3.91"]
[White "Nunn, John D M"]
[WhiteTitle "GM"]
[WhiteElo "2573"]
[WhiteTeam "Bude Surfers A"]
[Black "Vaidya, Raghav"]
[BlackElo "1830"]
[BlackTeam "Barnet Knights B"]
[Result "1-0"]
[PlyCount "67"]

1. e4 c5 2. Nf3 d6 3. d4 cxd4 4. Nxd4 Nf6 5. Nc3 g6 6. g3 Nc6 7. Nde2 Bg7 8. Bg2 O-O 9. O-O Rb8 10. a4 a6 11. Nd5 b5 12. axb5 axb5 13. Bg5 Ng4 14. Qc1 h6 15. Bd2 Kh7 16. h3 Nge5 17. b3 e6 18. Ne3 Bb7 19. Bc3 Qe7 20. Rd1 Rfd8 21. b4 Nd7 22. Bxg7 Kxg7 23. c4 bxc4 24. b5 Nce5 25. f4 Nd3 26. Qxc4 N3c5 27. Nd4 Nb6 28. Qc2 e5 29. Ndf5+ gxf5 30. Nxf5+ Kf8 31. Nxe7 Kxe7 32. fxe5 dxe5 33. Qxc5+ Ke8 34. Rxd8+ 1-0

[Event "4NCL Online Division 3"]
[Site "online"]
[Date "2021.09.21"]
[EventDate "2021.09.21"]
[Round "3.92"]
[White "Vyas, Alisha"]
[WhiteElo "1725"]
[WhiteTeam "Barnet Knights B"]
[Black "Fink-Nunn, Petra"]
[BlackTitle "WFM"]
[BlackElo "2064"]
[BlackTeam "Bude Surfers A"]
[Result "1/2-1/2"]
[PlyCount "93"]

1. e4 e5 2. Nf3 Nc6 3. Bb5 f5 4. exf5 e4 5. Ng1 Qg5 6. Bf1 Qxf5 7. c3 Bc5 8. Nh3 Nf6 9. d4 exd3 10. Bxd3 Qe5+ 11. Qe2 O-O 12. O-O Qxe2 13. Bxe2 d6 14. Nf4 Ne5 15. Nd2 Bf5 16. Nf3 Rae8 17. Nxe5 Rxe5 18. Bd3 Ne4 19. Bc4+ Kh8 20. Nd3 Ree8 21. Nxc5 Nxc5 22. Be3 Bd3 23. Bxd3 Nxd3 24. b3 Kg8 25. Rad1 Ne5 26. h3 a5 27. Rfe1 Re6 28. Bd4 Rfe8 29. Bxe5 Rxe5 30. Rxe5 Rxe5 31. Kf1 Kf7 32. f3 Re3 33. c4 Kf6 34. Kf2 Re7 35. h4 h5 36. g4 Re5 37. f4 Rc5 38. Kf3 a4 39. g5+ Kf5 40. Re1 axb3 41. axb3 b5 42. Re4 bxc4 43. bxc4 Ra5 44. Re3 Rc5 45. Re4 Ra5 46. Re3 Rc5 47. Re4 1/2-1/2

[Event "4NCL Online Division 3"]
[Site "online"]
[Date "2021.09.21"]
[EventDate "2021.09.21"]
[Round "3.93"]
[White "Lingard, Geoffrey W"]
[WhiteElo "1743"]
[WhiteTeam "Bude Surfers A"]
[Black "Sanfey, Gregor"]
[BlackElo "1660"]
[BlackTeam "Barnet Knights B"]
[Result "1-0"]
[PlyCount "41"]

1. d4 Nf6 2. c4 e6 3. Nf3 b6 4. Nc3 Bb7 5. e3 Be7 6. Bd3 O-O 7. O-O d5 8. cxd5 exd5 9. Qc2 Nbd7 10. b3 c5 11. Ba3 Rc8 12. Bb2 cxd4 13. Nxd4 Ne5 14. Bf5 Ne4 15. Bxc8 Qxc8 16. Nxe4 dxe4 17. Rac1 Qg4 18. Qe2 Nf3+ 19. Kh1 Qh4 20. h3 g5 21. Nf5 1-0

[Event "4NCL Online Division 3"]
[Site "online"]
[Date "2021.09.21"]
[EventDate "2021.09.21"]
[Round "3.94"]
[White "Grose, Kameron"]
[WhiteElo "1595"]
[WhiteTeam "Barnet Knights B"]
[Black "Constable, John"]
[BlackElo "1513"]
[BlackTeam "Bude Surfers A"]
[Result "1/2-1/2"]
[PlyCount "97"]

1. e4 g6 2. d4 Bg7 3. Nf3 d6 4. Nc3 a6 5. Bf4 b5 6. a4 b4 7. Na2 a5 8. c3 Bb7 9. Bd3 c5 10. O-O Nf6 11. Re1 bxc3 12. Nxc3 cxd4 13. Nxd4 e5 14. Bb5+ Nbd7 15. Nd5 exf4 16. Nxf4 O-O 17. Nc6 Bxc6 18. Bxc6 Ra6 19. Bb5 Rb6 20. Qd2 Nc5 21. Qxa5 Nfxe4 22. Qb4 Qf6 23. Nd5 Qxf2+ 24. Kh1 Rb7 25. Rxe4 Nxe4 26. Qxe4 Qxb2 27. Rf1 Be5 28. Nf6+ Bxf6 29. Qxb7 Qc3 30. Qd5 Qe5 31. Qf3 Kg7 32. Qd3 d5 33. a5 Bd8 34. a6 Bb6 35. Bc6 d4 36. Qa3 Ba7 37. Qd3 Rc8 38. Qb5 Qxb5 39. Bxb5 Rd8 40. Bd3 f5 41. Kg1 Re8 42. Kf2 Re3 43. Re1 f4 44. Rxe3 dxe3+ 45. Kf3 g5 46. h4 h6 47. h5 Kf6 48. Ke4 Ke6 49. Be2 1/2-1/2

[Event "4NCL Online Division 3"]
[Site "online"]
[Date "2021.09.21"]
[EventDate "2021.09.21"]
[Round "3.101"]
[White "Murphy, James A"]
[WhiteElo "1960"]
[WhiteTeam "Urmston and Stretford"]
[Black "Williams, Philip J"]
[BlackElo "1834"]
[BlackTeam "Camborne Trevithick"]
[Result "0-1"]
[PlyCount "88"]

1. e4 e6 2. d4 d5 3. Nd2 c5 4. exd5 Qxd5 5. Ngf3 cxd4 6. Bc4 Qd6 7. O-O Nf6 8. Nb3 Nc6 9. Re1 Be7 10. Nbxd4 Nxd4 11. Nxd4 a6 12. a4 O-O 13. b3 Qc7 14. Qf3 Bd6 15. h3 Bd7 16. Bb2 Rac8 17. Bd3 Bc6 18. Qd1 Be7 19. c4 Rfd8 20. Qe2 Kh8 21. Rad1 Re8 22. g4 h6 23. h4 Qf4 24. Nxc6 Rxc6 25. f3 Qg3+ 26. Qg2 Qxh4 27. Be4 Nxe4 28. Rxe4 Rd6 29. Rxd6 Bxd6 30. g5 Qxg5 31. Qxg5 hxg5 32. Bd4 Rc8 33. Kg2 Kg8 34. Bc3 Kf8 35. a5 Be7 36. b4 Bf6 37. Bd2 Rd8 38. Be3 Rd3 39. c5 Ke7 40. Kf2 Kd7 41. Ke2 Rb3 42. Bd4 Rxb4 43. Bxf6 Rxe4+ 44. fxe4 gxf6 0-1

[Event "4NCL Online Division 3"]
[Site "online"]
[Date "2021.09.21"]
[EventDate "2021.09.21"]
[Round "3.102"]
[White "George, Ian M"]
[WhiteElo "1844"]
[WhiteTeam "Camborne Trevithick"]
[Black "Randall, Grant"]
[BlackElo "1566"]
[BlackTeam "Urmston and Stretford"]
[Result "1/2-1/2"]
[PlyCount "75"]

1. e4 e5 2. Nf3 Nf6 3. Nxe5 d6 4. Nf3 Nxe4 5. Nc3 Nxc3 6. dxc3 Be7 7. Bd3 Nd7 8. Bf4 Nf6 9. h3 Bd7 10. Nd4 O-O 11. O-O Re8 12. Bf5 Qc8 13. Bd3 g6 14. Bg5 Nd5 15. Bxe7 Rxe7 16. Qf3 c6 17. c4 Nc7 18. Qf6 Qe8 19. Qxd6 Ne6 20. Nxe6 Bxe6 21. Qb4 Qf8 22. Rfe1 Rae8 23. Re3 Qh6 24. Bf1 Qg5 25. Rd1 c5 26. Qc3 Bd7 27. Rde1 Rxe3 28. Rxe3 Rxe3 29. Qxe3 Qxe3 30. fxe3 Kf8 31. Kf2 Bc6 32. Be2 b6 33. Bf3 Ba4 34. b3 Bd7 35. Bd5 Ke7 36. Kf3 f6 37. Kf4 h6 38. h4 1/2-1/2

[Event "4NCL Online Division 3"]
[Site "online"]
[Date "2021.09.21"]
[EventDate "2021.09.21"]
[Round "3.103"]
[White "Sumner, Stuart"]
[WhiteElo "1501"]
[WhiteTeam "Urmston and Stretford"]
[Black "Morgan, Jamie"]
[BlackElo "1754"]
[BlackTeam "Camborne Trevithick"]
[Result "0-1"]
[PlyCount "66"]

1. c4 c5 2. Nc3 Nc6 3. d3 g6 4. g3 Bg7 5. Bg2 e6 6. Nf3 Nge7 7. e4 d5 8. cxd5 exd5 9. exd5 Nxd5 10. O-O O-O 11. Bd2 Ndb4 12. Ne1 Nxd3 13. Nxd3 Qxd3 14. Be3 Qxd1 15. Rfxd1 Nd4 16. Rd2 Rd8 17. Nb5 Bg4 18. Nxd4 cxd4 19. Bf4 Rac8 20. h3 Be6 21. Bxb7 Rc5 22. Be4 g5 23. Bxg5 Rxg5 24. h4 Rc5 25. Bd3 Rdc8 26. b3 Rc1+ 27. Rd1 Rxa1 28. Rxa1 Rc3 29. Rd1 Bg4 30. Rd2 Bf3 31. Bc4 Bh6 32. Rxd4 Rc1+ 33. Kh2 Rh1# 0-1

[Event "4NCL Online Division 3"]
[Site "online"]
[Date "2021.09.21"]
[EventDate "2021.09.21"]
[Round "3.104"]
[White "Smith, Richard AL"]
[WhiteElo "1698"]
[WhiteTeam "Camborne Trevithick"]
[Black "Chadwick, Donna"]
[BlackElo "989"]
[BlackTeam "Urmston and Stretford"]
[Result "1-0"]
[PlyCount "92"]

1. e4 c5 2. Nf3 d6 3. d4 cxd4 4. Nxd4 Nf6 5. Nc3 a6 6. f3 e5 7. Nb3 Be7 8. Be3 O-O 9. Qd2 Be6 10. Nd5 Nxd5 11. exd5 Bd7 12. O-O-O f5 13. Bd3 f4 14. Bf2 g6 15. h4 Be8 16. Be4 Nd7 17. Qd3 Nc5 18. Nxc5 dxc5 19. h5 Qd6 20. hxg6 Bxg6 21. Bxg6 Qxg6 22. Qxg6+ hxg6 23. d6 Bf6 24. Bxc5 Rfd8 25. d7 Kf7 26. Bb6 Rg8 27. Rd5 Ke6 28. Rhd1 Bd8 29. Bc5 Bc7 30. Bd6 Bxd6 31. Rxd6+ Ke7 32. c4 g5 33. c5 Rad8 34. Re1 Rxd7 35. Rxe5+ Kd8 36. Rxd7+ Kxd7 37. Kd2 Kc6 38. Kc3 g4 39. Rf5 gxf3 40. gxf3 b5 41. b4 Rg2 42. a3 Ra2 43. Kb3 Ra1 44. Kb2 Re1 45. Rxf4 Re3 46. Rf6+ Kb7 1-0

[Event "4NCL Online Division 3"]
[Site "online"]
[Date "2021.09.21"]
[EventDate "2021.09.21"]
[Round "3.111"]
[White "Tennyson, John"]
[WhiteElo "1977"]
[WhiteTeam "Hackney Thirsty"]
[Black "Kynoch, Richard"]
[BlackElo "1862"]
[BlackTeam "Dundee City B"]
[Result "1-0"]
[PlyCount "89"]

1. c4 e5 2. g3 d6 3. Bg2 f5 4. Nc3 Nf6 5. e3 Be7 6. d4 O-O 7. Nge2 Qe8 8. Qb3 Kh8 9. Bxb7 Bxb7 10. Qxb7 Nbd7 11. Qxc7 exd4 12. Nxd4 Nc5 13. Nxf5 Rf7 14. O-O Rc8 15. Nxd6 Rxc7 16. Nxe8 Nxe8 17. Nd5 Rc6 18. Nxe7 Rxe7 19. b3 Ne4 20. f3 Nc5 21. e4 Rf7 22. Ba3 Nd3 23. Rad1 Rd7 24. f4 Nf6 25. Rf3 Ne5 26. Rxd7 Nxf3+ 27. Kf2 Nxd7 28. Kxf3 Ra6 29. Bd6 Rxa2 30. h4 Rd2 31. e5 Kg8 32. b4 Kf7 33. f5 Ke8 34. c5 Rd4 35. c6 Nb6 36. Bc5 Rc4 37. g4 Rxc5 38. bxc5 Nc8 39. e6 Kd8 40. g5 Ne7 41. f6 gxf6 42. gxf6 Ng6 43. f7 a5 44. c7+ Kxc7 45. e7 1-0

[Event "4NCL Online Division 3"]
[Site "online"]
[Date "2021.09.21"]
[EventDate "2021.09.21"]
[Round "3.112"]
[White "Prieto Alvarez, Miguel Angel"]
[WhiteElo "1800"]
[WhiteTeam "Dundee City B"]
[Black "Domanski, Lukasz"]
[BlackElo "1995"]
[BlackTeam "Hackney Thirsty"]
[Result "1-0"]
[PlyCount "53"]

1. e4 Nf6 2. e5 Nd5 3. d4 d6 4. Nf3 Nb6 5. Nc3 Bf5 6. a4 a5 7. Bd3 Bxd3 8. Qxd3 e6 9. d5 dxe5 10. dxe6 f6 11. Qe4 Nc6 12. Be3 Nc8 13. Rd1 Nd6 14. Qg4 f5 15. Qh3 Be7 16. O-O O-O 17. Nd5 Rc8 18. Rfe1 Qe8 19. Bc5 b6 20. Bxd6 Bxd6 21. Nxb6 cxb6 22. Rxd6 e4 23. Ng5 Qg6 24. e7 Rf6 25. Nxe4 Rxd6 26. Nxd6 Qxd6 27. Qb3+ 1-0

[Event "4NCL Online Division 3"]
[Site "online"]
[Date "2021.09.21"]
[EventDate "2021.09.21"]
[Round "3.113"]
[White "Wright, Robert"]
[WhiteElo "1969"]
[WhiteTeam "Hackney Thirsty"]
[Black "Dawson, Alastair"]
[BlackElo "1833"]
[BlackTeam "Dundee City B"]
[Result "0-1"]
[PlyCount "30"]

1. e4 c6 2. d4 d5 3. f3 e6 4. c3 dxe4 5. fxe4 Qh4+ 6. Kd2 Qxe4 7. Nf3 Nf6 8. Bd3 Qd5 9. Kc2 c5 10. Qe2 cxd4 11. Rd1 Nc6 12. Nxd4 Nxd4+ 13. cxd4 Bd7 14. Nc3 Rc8 15. Be3 Bb4 0-1

[Event "4NCL Online Division 3"]
[Site "online"]
[Date "2021.09.21"]
[EventDate "2021.09.21"]
[Round "3.114"]
[White "Babin, Andre"]
[WhiteElo "1863"]
[WhiteTeam "Dundee City B"]
[Black "Ciesielski, Marceli"]
[BlackElo "1777"]
[BlackTeam "Hackney Thirsty"]
[Result "1/2-1/2"]
[PlyCount "84"]

1. c4 e5 2. Nc3 Nf6 3. g3 d5 4. cxd5 Nxd5 5. Bg2 Nb6 6. a4 Nc6 7. a5 Nc4 8. a6 Nd6 9. Qa4 Qd7 10. Nf3 Be7 11. O-O O-O 12. d4 exd4 13. axb7 Nxb7 14. Rd1 Nc5 15. Qc4 Rb8 16. Nxd4 Nxd4 17. Rxd4 Bd6 18. b4 Ne6 19. Bc6 Qd8 20. Rd3 Rxb4 21. Qd5 Qf6 22. Ba3 Rd4 23. Rxd4 Qxd4 24. Qxd4 Nxd4 25. Bxd6 cxd6 26. Bd5 a6 27. Kg2 Ne6 28. Ne4 Rd8 29. Rc1 Bd7 30. Nxd6 Ba4 31. Bc6 Bxc6+ 32. Rxc6 Ra8 33. Nc4 Nd4 34. Rc5 Nxe2 35. Kf3 Nd4+ 36. Ke4 Ne6 37. Ra5 Kf8 38. Ne5 Ke7 39. Nc6+ Kd6 40. Nb4 g6 41. Rxa6+ Rxa6 42. Nxa6 f5+ 1/2-1/2